00534nam a2200181 a 450000100060000000300090000600800410001502000150005604000280007108200130009910000350011224500480014726000360019530000110023149000170024265000400025965000530029919709CO-ViMGA141112s2004 ck r 000 u spa d a9582004436 aCO-ViMGAbspacCO-ViMGA04a928 A7341 aArdila, Hector; Vizcaino, Ines10aHombres y mujeres en las letras colombianas aBogotá : bMagisterio, c1998 a448 p. aAula Abierta14aESCRITORES COLOMBIANOS - BIOGRAFIAS14aMUJERES EN LA LITERATURA COLOMBIANA - BIOGRAFIAS